Statistics for Noah Kahan - All My Love Lyrics

Click here to take the quiz!

General Stats

  • This quiz has been taken 176 times
    (158 since last reset)
  • The average score is 376 of 439

Answer Stats

Answer% Correct
I
97%
love
97%
my
97%
My
97%
You
97%
you
97%
a
96%
the
96%
all
95%
go"
94%
got
94%
it
93%
me
92%
And
90%
and
90%
I'm
90%
It's
90%
of
90%
still
90%
We
90%
blood
89%
drop
89%
here
89%
No
89%
there
89%
who
89%
ain't
88%
bad
88%
okay
88%
out
88%
be
87%
but
87%
But
87%
with
87%
How
86%
how
86%
know
86%
now
86%
Now
86%
was
86%
as
85%
dogs
85%
your
85%
have
84%
same
84%
in
82%
need
82%
to
82%
been?
81%
dear
81%
that
81%
word
81%
name
80%
not
80%
are
79%
car
79%
If
79%
pills
79%
"Retrograde"
79%
frame
78%
mention
78%
sentences
78%
they
78%
two
78%
Well
78%
folks
76%
gets
76%
speak
76%
talk
76%
is
75%
things
75%
at
74%
shake
74%
where
74%
these
73%
sang
72%
too
72%
we'd
72%
much
70%
sayin'
70%
atmosphere
69%
cold
69%
from
69%
once
69%
parents
69%
has
67%
Oh
67%
so
67%
feet
65%
heal
65%
"I'll
65%
just
65%
end
64%
feels
64%
leather
64%
list
63%
recall
63%
scars
63%
skin
63%
way
63%
give
62%
kiss
62%
scared
62%
thirty
62%
for
61%
home
61%
never
61%
slept
61%
whole
61%
burrowed
60%
could
60%
death
60%
hands
60%
hope
60%
I'd
60%
let
60%
what
59%
wheel
59%
confident
58%
keep
58%
under
58%
leaned
57%
said
57%
stupid
57%
winter
57%
gripped
56%
looked
56%
head
55%
five
54%
smiled
54%
swear
54%
words
54%
babe
53%
coat
53%
Write
53%
those
51%

Score Distribution

Percentile by Number Answered

Percent of People with Each Score

Your Score History

You have not taken this quiz since the last reset